Focus (Record no. 78781)

MARC details
000 -LEADER
fixed length control field 01169cab a22002415a 4500
001 - CONTROL NUMBER
control field L138086
008 - FIXED-LENGTH DATA ELEMENTS--GENERAL INFORMATION
fixed length control field 070515e20070512xxkdo f s 000 0 eng d
035 ## - SYSTEM CONTROL NUMBER
System control number (Sirsi) u138086
041 0# - LANGUAGE CODE
Language code of text/sound track or separate title eng
100 1# - MAIN ENTRY--PERSONAL NAME
Personal name Cunningham, Daniel
245 00 - TITLE STATEMENT
Title Focus
Remainder of title North and West Yorkshire
260 ## - PUBLICATION, DISTRIBUTION, ETC.
Date of publication, distribution, etc. 2007
490 ## - SERIES STATEMENT
Series statement Estates Gazette
Volume/sequential designation (719) 12 May 2007, 133-155(15)
520 ## - SUMMARY, ETC.
Summary, etc. Reports on the commercial and industrial property market. Leeds has a number of retail developments underway and is expected to remain a key shopping destination. Its office market is stagnant, however. Agencies in Leeds' small market have difficulties recruiting and retaining staff, including surveyors. Bradford's regeneration programme is scrutinised. Redevelopment of the ex-Kraft factory site in York is encountering problems. Wakefield's office market is looking forward to some positive schemes. Amerdale's founder Mark Hancock is profiled.
590 ## - LOCAL NOTE (RLIN)
Local note KA
651 #4 - SUBJECT ADDED ENTRY--GEOGRAPHIC NAME
Geographic name NORTH EAST
690 ## - LOCAL SUBJECT ADDED ENTRY--TOPICAL TERM (OCLC, RLIN)
Topical term or geographic name as entry element PROPERTY-COMMERCIAL PROPERTY-COMMERCIAL PROPERTY MARKET
700 1# - ADDED ENTRY--PERSONAL NAME
Personal name Elghamry, Nadia
700 1# - ADDED ENTRY--PERSONAL NAME
Personal name Thame, David
700 1# - ADDED ENTRY--PERSONAL NAME
Personal name Quinn, David
700 1# - ADDED ENTRY--PERSONAL NAME
Personal name Graham, James
942 ## - ADDED ENTRY ELEMENTS (KOHA)
Suppress in OPAC 0
Holdings
Withdrawn status Lost status Source of classification or shelving scheme Damaged status Not for loan Home library Current library Shelving location Date acquired Total Checkouts Full call number Barcode Date last seen Copy number Price effective from Koha item type
    Dewey Decimal Classification     London London Journal article 15/05/2007   L138086 138086-1001 06/08/2019 1 06/08/2019 Journal article